000 00391nam a2200109Ia 4500
008 220204s9999 xx 000 0 und d
082 _aNR:62(083.74)AST1976
_bANN.38
245 0 _a1976 Annual book of ASTM standards: Rubber products, industrial specifications and related test methods; gaskets; tires Pt 38
260 _aPhiladelphia
_bASTM
_c1976
650 _aRubber test methods
942 _cBK
999 _c26406
_d26406